000 00645nam a22002177a 4500
003 UA-OsUOA
001 76467
007 ta
008 20110705b un ||||| |||| 00| 0 ukr d
100 _aМарусич Т.
090 _a32
_bМ29
942 _cSA
040 _aUA-OsUOA
_bukr
_cUA-OsUOA
_dUA-OsUOA
245 _aБлизькосхідний вектор зовнішньої політики Німеччини після завершення Жасминової революції
300 _aС.4-7
955 _a0
041 _aukr
080 _a32
773 0 _w76465
_tВіче
_dК.
_d2011
_g12
650 7 _a32 Політика
_2UDC
999 _c362766
_d362766